000 01461cam a2200373 i 4500
001 60549
003 Mx-PuUPA
005 20250117125918.0
008 140415s2000 sp a gr 000 0 spa d
017 _aB-15581-00/2000
020 _a8474327288
040 _aMx-PuUPA
_bspa
_cMx-PuUPA
_dMx-PuUPA
_erda
041 1 _aspa
_heng
100 1 _aWhitin, Phyllis,
_eautor
240 1 _aInquiry at the window. Pursuing the wonders of learners.
_lEspañol
245 1 0 _aIndagar junto a la ventana :
_bcomo estimular la curiosidad de los alumnos /
_cPhyllis Whitin, David J. Whitin ; traducción, Daniel B. Coria
250 _aPrimera edición /
_babril
264 1 _aEspaña :
_bEditorial Gedisa,
_c2000
300 _a249 páginas :
_bilustraciones, tablas ;
_c23 cm
336 _2rdacontent
_atexto
_btxt
336 _2rdacontent
_aimagen fija
_bsti
337 _2rdamedia
_asin medio
_bn
338 _2rdacarrier
_avolumen
_bnc
490 0 _aColección Biblioteca de la Educación
490 0 _aDidáctica general ;
_v5
650 7 _2armarc
_aPsicología educativa
_xNiños
650 7 _2armarc
_aMotivación (Psicología)
_xEducación primaria
700 1 _aWhitin, David J.,
_eautor
700 1 _aCoria, Daniel B.,
_etraductor
765 0 _aWhitin, Phyllis,
_dPortsmouth : Reed Elsevier, ©1997
_tInquiry at the window. Pursuing the wonders of learners.
942 _2ddc
_cLI
_h371.39
_iW57
999 _c60549
_d60549